00698nam a2200169 4500003000900000020001800009040002800027082001600055100003600071245015800107260010300265300003400368490002300402500002100425504002700446650005500473CO-ViMGA a9789587753714 aCO-ViMGAbspacCO-ViMGA04a986.1bG66e1 aGónzlaez Gómez,Lina Marcela10aUn edén para Colombia al otro lado de la civilación :bLos llanos de San Martín o territorio del Meta, 1870-1930 /cLina Marcela González Gómez aMedellín :bUniversidad Nacional de Colombia. Facultad de Ciencias Humanas y Económicas.c2015 a518 p. :bil., mapas, tablas. aColección Folios aIncluye índice aincluye bibliográfia14aLlanos de San MartínvHistoriaz(Meta, Colombia)